000 00236nam a2200097Ia 4500
008 230907s9999||||xx |||||||||||||| ||und||
082 _a333.79,GLO
245 0 _aGlobal energy policy and security /
300 _aviii,330p.:
942 _cBK
999 _c597775
_d597775